000 00422nam a2200181 a 4500
001 1758343166268
003 ACL
005 20250920101135.0
008 250920s2008##################000#0#eng##
020 _a9780007281572
082 0 4 _a793.74
_bHER
100 1 _aAiia,
_eauthor.
245 1 0 _aKiller Su Doku Book-2 :
260 _bCollins,
_c2008.
300 _a192 pages
942 _cENGLISH
040 _aACL
_beng
_cACL
999 _c588201
_d588201